000 00283nam a22001337a 4500
008 180301b xxu||||| |||| 00| 0 eng d
020 _a0632003456
041 _aeng
080 _a574
100 _a9
101 _aMJE
245 _aMicrobial Ecology
_cLynch, J.M
942 _2udc
_cBK
999 _c43867
_d43867